000 00673nam a2200193 a 4500
008 120416s1989 ||||||||||||||||| || u
020 _a0314514163
050 _aKF 6369 Wes
100 _aWillis, Jr, Eugene
245 1 0 _aWest's federal taxation
_cedited by William Hoffman
246 _acomprehensive volume
260 _aNew York
_bWest Publishing
_c1989
300 _avarious pagings : ill.
350 _a0.00
650 _aTAXATION--LAW AND LEGISLATION
650 _aLAW
700 _aHoffman, William H
995 _D0.00
_FCBU-MAIN LIBRARY (Kitwe)
_H1
_I57.00
_M1
_UAVAILABLE
_ZAnnex Low-Usage Collection
999 _c61614
_d61614